MARC

Tag First Indicator Second Indicator Subfields
LEADER 00000cam a2200000 a 4500
001 in00000006920
005 20151004070011.0
008 871229s1987 ne a b 00000 eng d
035 |a (OCoLC)17289322 
035 |9 AAA1379AM 
040 |a DJB  |c DJB  |d TXA  |d UtOrBLW 
049 |a TXAM  |c [A12543477] 
050 4 |a HG226.6  |b .E56 1987 
245 0 0 |a Empirical studies of velocity, real exchange rates, unemployment and productivity /  |c editors, Karl Brunner, Allan H. Meltzer. 
264 1 |a Amsterdam :  |b North-Holland,  |c 1987. 
300 |a 452 pages :  |b illustrations ;  |c 24 cm. 
336 |a text  |b txt  |2 rdacontent 
337 |a unmediated  |b n  |2 rdamedia 
338 |a volume  |b nc  |2 rdacarrier 
490 1 |a Carnegie-Rochester conference series on public policy,  |x 0167- 2231 ;  |v v. 27 
500 |a Published in collaboration with the Graduate School of Management, University of Rochester and the Graduate School of Industrial Administration, Carnegie-Mellon University. 
504 |a Includes bibliographical references. 
650 0 |a Circular velocity of money  |x Congresses. 
650 0 |a Quantity theory of money  |x Congresses. 
650 0 |a Foreign exchange  |v Congresses. 
650 0 |a Unemployment  |v Congresses. 
650 0 |a Industrial productivity  |v Congresses. 
700 1 |a Brunner, Karl,  |d 1916-1989. 
700 1 |a Meltzer, Allan H. 
710 2 |a University of Rochester.  |b Graduate School of Management. 
710 2 |a Carnegie-Mellon University.  |b Graduate School of Industrial Administration. 
830 0 |a Carnegie-Rochester conference series on public policy ;  |v v. 27. 
999 |a MARS 
999 f f |s 1ba65db4-06ac-35ef-9768-8867a7a8de9e  |i 619e9ce3-2a59-3435-967a-0b42aa78a6b3  |t 0 
952 f f |p ric  |a Texas A&M University  |b Rellis Campus  |c Joint Library Facility  |d Remote Storage  |t 0  |e HG226.6 .E56 1987  |h Library of Congress classification  |i unmediated -- volume  |m A14812543477 
998 f f |a HG226.6 .E56 1987  |t 0  |l Remote Storage